000 01485cam a22003974i 4500
003 PE-LiUPU
005 20250731175645.0
008 150616s1992 miu r 000 0 eng d
020 _a0802801730
035 _a(Sirsi) i9780802801739
040 _aPE-LiUPU
_bspa
_cPE-LiUPU
_dPE-LiUPU
_erda
049 _aPRUA
082 0 4 _a487.415
_bG81
_221
100 1 _aGreenlee, J. Harold,
_eautor.
245 1 2 _aA Concise Exegetical Grammar of New Testament Greek.
264 1 _aGrand Rapids, Michigan :
_bWilliam B. Eerdmans Publishing Company,
_c1992.
300 _a79 páginas ;
_c22 centímetros
336 _atext
_2rdacontent
337 _aunmediated
_2rdamedia
338 _avolume
_2rdacarrier
505 0 _aThe alphabet -- Vowels and diphthongs -- Transliteration -- Accents -- Rules of vowel contration -- Movable -- Paradigms.
526 _aP145
526 _aP127
526 _aP97
526 _aP35
526 _aP14
526 _aP07
650 0 4 _aGriego biblico - Grámatica.
910 _ajck
_bjvq
_cjck
942 _2ddc
_cBOOK
949 _a487.415 G81
_wDEWEY
_c1
_i42375
_lCCODEBUL1
_mBUL
_r0
_sY
_tBOOK
_u2015-6-16
_xTEOLOGIA
_zUNKNOWN
_0COMPRA
_o.STAFF. Colección General
994 _aC0
_bPEPRU
596 _a1
999 _a487.415 G81
_wDEWEY
_c60211
_i42375
_d60211
_f2021-11-12
_g6
_lCCODEBUL1
_mBUL
_q10
_r0
_sY
_tBOOK
_u2015-6-16
_xTEOLOGIA
_PP35
_0COMPRA
_o.STAFF. Colección Teología
980 _81
_gALBERTO SANCHEZ Responsable de Automatización